| 000 | 01353nam a2200361 a 4500 | ||
|---|---|---|---|
| 001 | 58809 | ||
| 003 | CO-BoRNBP | ||
| 005 | 20250828152657.0 | ||
| 007 | ta | ||
| 008 | 090116s2008 sp a jr 00010 spa d | ||
| 020 | _a9788434224117 | ||
| 020 | _a9788434224346 (Obra completa) | ||
| 040 |
_aCO-BoBLA _bspa _cCO-BoBLA |
||
| 082 | 0 | 4 |
_aI784.19 _bC11v1 _220 |
| 100 | 1 |
_aCabacés, Roser. _935496 |
|
| 245 | 1 | 0 |
_aVamos a tocar / _ctextos Roser Cabacés y Elisabet Vilaplana; ilustraciones Anna Clariana ; fotografías Norbert Foto ... [et al.]. |
| 250 | _a7a. ed. | ||
| 300 |
_a80 p. : _bil. ; _c31 cm. |
||
| 336 |
_2rdacontent _atexto _btxt |
||
| 337 |
_2rdamedia _asin mediación _bn |
||
| 338 |
_2rdacarrier _avolumen _bnc |
||
| 500 | _aLos CDs compañeros de la colección se encuentran con el volumen 1: cuyo título es La vida tiene música. | ||
| 650 | 7 |
_aInstrumentos musicales _v Literatura juvenil. _2BLAAUTO _964023 |
|
| 650 | 7 |
_aMúsica _v Literatura juvenil. _2BLAAUTO _964024 |
|
| 650 | 7 |
_aInstrumentos musicales _x Clasificación _v Literatura juvenil. _2BLAAUTO _964025 |
|
| 700 | 1 |
_aVilaplana, Elisabet. _964019 |
|
| 700 | 1 |
_aClariana, Anna, _eil. _964026 |
|
| 710 | 2 |
_aNorbert Foto, _eil. _964027 |
|
| 740 | 0 | 2 | _aViva la música. |
| 830 | 0 |
_aLista Básica-Bibliotecas Públicas 2. _942480 |
|
| 942 |
_2ddc _cBK |
||
| 949 |
_an _bn |
||
| 999 |
_c58809 _d58809 |
||